| 000 | 00476nam a22001817a 4500 | ||
|---|---|---|---|
| 005 | 20180205121635.0 | ||
| 008 | 160429b xxu||||| |||| 00| 0 eng d | ||
| 020 | _a81-7656372-3 | ||
| 041 | _aeng | ||
| 082 |
_b00829 _a005.13 |
||
| 100 |
_aBayross, Ivan _9121 |
||
| 245 | _aSQL, PL/SQL: The Programming Language of Oracle | ||
| 250 | _a2ND REVISED ED. | ||
| 260 |
_aNew Delhi _bBPB Publishing, _c2003 |
||
| 300 | _a379 | ||
| 650 |
_aInformation Technology _9137 |
||
| 942 | _cBK | ||
| 999 |
_c271 _d271 |
||